[Event "10. Torneo IRT Mostoles 2019"]
[Site "Móstoles ESP"]
[Date "2019.07.21"]
[Round "4.9"]
[White "Olmedo Aznar, Eduardo"]
[Black "Raya Rodriguez, Juan"]
[Result "1-0"]
[WhiteElo "1786"]
[BlackElo "1730"]
[PlyCount "67"]
[EventDate "2019.07.18"]
[EventType "swiss"]
[EventRounds "9"]
[EventCountry "ESP"]
[SourceTitle "Ajedrez en Madrid"]
[Source "lmi"]
[SourceDate "2019.07.18"]
[SourceVersion "1"]
[SourceVersionDate "2019.07.28"]
[SourceQuality "1"]

1. e4 c5 2. Nf3 d6 3. d3 Nc6 4. g3 g6 5. Bg2 Bg7 6. O-O Nf6 7. c3 O-O 8. Re1 h6
9. d4 cxd4 10. Nxd4 Ne5 11. Na3 Bd7 12. Nac2 Rb8 13. h3 b5 14. Be3 Nc4 15. Qc1
Nxe3 16. Qxe3 a5 17. Rad1 Qc8 18. e5 dxe5 19. Qxe5 Re8 20. h4 Nh5 21. Qd5 e5
22. Nc6 Nf6 23. Qd6 Bxc6 24. Qxc6 Qxc6 25. Bxc6 Re6 26. Bg2 Rbe8 27. Ne3 b4 28.
c4 a4 29. c5 Bf8 30. c6 e4 31. c7 Rc6 32. Rc1 Rxc1 33. Rxc1 Rc8 34. Bh3 1-0

[Event "10. Torneo IRT Mostoles 2019"]
[Site "Móstoles ESP"]
[Date "2019.07.21"]
[Round "4.10"]
[White "Poceiro Solino, Juan Octavio"]
[Black "Garcia Dorado, Alberto"]
[Result "0-1"]
[WhiteElo "1715"]
[BlackElo "2208"]
[PlyCount "108"]
[EventDate "2019.07.18"]
[EventType "swiss"]
[EventRounds "9"]
[EventCountry "ESP"]
[SourceTitle "Ajedrez en Madrid"]
[Source "lmi"]
[SourceDate "2019.07.18"]
[SourceVersion "1"]
[SourceVersionDate "2019.07.28"]
[SourceQuality "1"]

1. e4 e5 2. Nf3 Nc6 3. d4 exd4 4. Bc4 d6 5. Nxd4 Nf6 6. Nc3 Be7 7. O-O O-O 8.
Bg5 Re8 9. Nxc6 bxc6 10. Re1 Ng4 11. Bxe7 Qxe7 12. g3 Ne5 13. Bf1 Bg4 14. Be2
Bxe2 15. Qxe2 Rab8 16. f4 Nd7 17. b3 Nc5 18. Qc4 a5 19. a3 Qe6 20. Qxe6 fxe6
21. Re2 Kf7 22. Rae1 Ke7 23. Kf2 Nd7 24. g4 Rf8 25. Kg3 Rf7 26. h4 h5 27. g5
Rbf8 28. Rf2 g6 29. Ref1 Nc5 30. Rf3 Kd7 31. Re1 d5 32. exd5 exd5 33. b4 axb4
34. axb4 Ne6 35. Ne2 Re8 36. Re3 Ref8 37. Rf3 c5 38. bxc5 Nxc5 39. Nd4 Ne4+ 40.
Kh3 Rxf4 41. Rxf4 Rxf4 42. Re2 c5 43. Nb3 d4 44. Rxe4 Rf3+ 45. Kg2 Rc3 46. Re2
Kc6 47. Re6+ Kd5 48. Rxg6 Rxc2+ 49. Kg1 c4 50. Nxd4 Kxd4 51. Re6 c3 52. g6 Ra2
53. Re7 c2 54. Rc7 Ra1+ 0-1

[Event "10. Torneo IRT Mostoles 2019"]
[Site "Móstoles ESP"]
[Date "2019.07.21"]
[Round "4.11"]
[White "Ghavami, Mahmoud"]
[Black "Martin Diaz, Juan"]
[Result "0-1"]
[WhiteElo "1583"]
[BlackElo "1762"]
[PlyCount "38"]
[EventDate "2019.07.18"]
[EventType "swiss"]
[EventRounds "9"]
[EventCountry "ESP"]
[SourceTitle "Ajedrez en Madrid"]
[Source "lmi"]
[SourceDate "2019.07.18"]
[SourceVersion "1"]
[SourceVersionDate "2019.07.28"]
[SourceQuality "1"]

1. d4 d5 2. c4 dxc4 3. e3 e5 4. Bxc4 exd4 5. exd4 Bd6 6. Nc3 Nf6 7. Bg5 O-O 8.
Nge2 Nc6 9. O-O Bxh2+ 10. Kh1 Bd6 11. Ne4 Be7 12. N4g3 h6 13. Be3 Nd5 14. Bd2
Be6 15. Bxd5 Bxd5 16. Re1 Bf6 17. Bc3 Re8 18. Qc2 Qd7 19. Rad1 Qh3+ 0-1

[Event "10. Torneo IRT Mostoles 2019"]
[Site "Móstoles ESP"]
[Date "2019.07.21"]
[Round "4.12"]
[White "Huerto Moreno, Jorge"]
[Black "Rey Martinez, Jaime"]
[Result "1-0"]
[WhiteElo "1704"]
[BlackElo "1503"]
[PlyCount "61"]
[EventDate "2019.07.18"]
[EventType "swiss"]
[EventRounds "9"]
[EventCountry "ESP"]
[SourceTitle "Ajedrez en Madrid"]
[Source "lmi"]
[SourceDate "2019.07.18"]
[SourceVersion "1"]
[SourceVersionDate "2019.07.28"]
[SourceQuality "1"]

1. e4 c5 2. c3 Nc6 3. d4 cxd4 4. cxd4 d5 5. e5 Qb6 6. Nf3 Bg4 7. Nc3 e6 8. Bb5
Nge7 9. a4 a6 10. a5 Qa7 11. Bxc6+ Nxc6 12. Be3 Bxf3 13. Qxf3 Bb4 14. O-O Bxa5
15. Qg4 Kf8 16. f4 g6 17. Qh4 b5 18. f5 Kg8 19. b4 Bxb4 20. Nxb5 Qb6 21. fxe6
f5 22. exf6 h5 23. Qg5 Ne7 24. fxe7 Rh7 25. Qxg6+ Rg7 26. e8=Q+ Rxe8 27. Qxe8+
Kh7 28. Qxh5+ Kg8 29. Qe8+ Kh7 30. Rf3 Bf8 31. Rxf8 1-0

[Event "10. Torneo IRT Mostoles 2019"]
[Site "Móstoles ESP"]
[Date "2019.07.21"]
[Round "4.13"]
[White "Martinez Pascual, Gonzalo"]
[Black "Cujba, Anca-Claudia"]
[Result "1-0"]
[WhiteElo "1557"]
[BlackElo "1620"]
[PlyCount "129"]
[EventDate "2019.07.18"]
[EventType "swiss"]
[EventRounds "9"]
[EventCountry "ESP"]
[SourceTitle "Ajedrez en Madrid"]
[Source "lmi"]
[SourceDate "2019.07.18"]
[SourceVersion "1"]
[SourceVersionDate "2019.07.28"]
[SourceQuality "1"]

1. d4 b6 2. Bf4 Bb7 3. e3 Nf6 4. Nf3 e6 5. Nbd2 Be7 6. h3 c5 7. c3 Nc6 8. Bd3
d5 9. Ne5 Nxe5 10. Bxe5 Qd7 11. Qf3 c4 12. Bc2 b5 13. a3 a5 14. Qg3 O-O 15. O-O
g6 16. Qg5 Nh5 17. Qh6 Rfe8 18. Bd1 Qd8 19. Bxh5 Bf8 20. Qf4 f5 21. Qg3 Bg7 22.
Bxg7 Kxg7 23. Nf3 Kf8 24. Bxg6 hxg6 25. Qxg6 Qc7 26. Ne5 Re7 27. Qf6+ Kg8 28.
Qg5+ Rg7 29. Qf6 Re8 30. f4 Bc8 31. Rf3 Rf8 32. Qh4 Bd7 33. Raf1 Be8 34. Rg3
Rxg3 35. Qxg3+ Kh7 36. Qh4+ Kg7 37. Rf3 Bg6 38. Rg3 Rf6 39. Qh5 Kf8 40. Rxg6
Rxg6 41. Qxg6 Qe7 42. Qh6+ Kg8 43. Qg6+ Kf8 44. Qh6+ Kg8 45. Qg5+ Kf8 46. Qxe7+
Kxe7 47. Nc6+ Kd6 48. Nxa5 Kd7 49. g4 fxg4 50. hxg4 Ke7 51. Kg2 Kf6 52. Kg3 Kf7
53. g5 Kg7 54. Kg4 Kg6 55. Nb7 Kg7 56. Nd6 Kh7 57. Nxb5 Kg6 58. a4 Kf7 59. a5
Kg7 60. a6 Kf7 61. a7 Kg7 62. a8=Q Kh7 63. Qb7+ Kg6 64. Nd6 e5 65. Qf7# 1-0

[Event "10. Torneo IRT Mostoles 2019"]
[Site "Móstoles ESP"]
[Date "2019.07.21"]
[Round "4.14"]
[White "Martin Lozano, Miguel Angel"]
[Black "Rubio Gonzalez, Beltran"]
[Result "1-0"]
[WhiteElo "1720"]
[BlackElo "1576"]
[PlyCount "135"]
[EventDate "2019.07.18"]
[EventType "swiss"]
[EventRounds "9"]
[EventCountry "ESP"]
[SourceTitle "Ajedrez en Madrid"]
[Source "lmi"]
[SourceDate "2019.07.18"]
[SourceVersion "1"]
[SourceVersionDate "2019.07.28"]
[SourceQuality "1"]

1. d4 d5 2. Bf4 Nf6 3. e3 c5 4. c3 Qb6 5. Na3 a6 6. Rb1 Bf5 7. Bd3 Bxd3 8. Qxd3
e6 9. Nc2 Nc6 10. Nf3 Be7 11. O-O O-O 12. h3 Qa5 13. a3 c4 14. Qe2 b5 15. Nd2
Qb6 16. e4 dxe4 17. Nxe4 Rad8 18. Nxf6+ Bxf6 19. Ne3 Rfe8 20. Ng4 Be7 21. Qf3
Rd5 22. Ne3 Rd7 23. Qg3 Qd8 24. Bh6 Bf8 25. Ng4 Kh8 26. Bf4 Bd6 27. Rbe1 Qb8
28. Ne5 Nxe5 29. Bxe5 Bxe5 30. Qxe5 Qxe5 31. Rxe5 Rd5 32. Rfe1 Red8 33. f4 g6
34. Kf2 Kg7 35. g4 Rxe5 36. Rxe5 Rd5 37. Ke3 Kf6 38. Ke4 Rd6 39. Rc5 Ke7 40. g5
Rd7 41. Rc6 Rd6 42. Rc7+ Rd7 43. Rc8 Rd8 44. Rxd8 Kxd8 45. Ke5 Ke7 46. h4 a5
47. d5 a4 48. d6+ Kd7 49. Kf6 Kxd6 50. Kxf7 Kd5 51. Kg7 Ke4 52. Kxh7 Kxf4 53.
Kxg6 e5 54. h5 e4 55. h6 e3 56. h7 e2 57. h8=Q e1=Q 58. Qd4+ Kg3 59. Qd6+ Kh4
60. Qf4+ Kh3 61. Kf6 Qe8 62. g6 Qf8+ 63. Kg5 Qe7+ 64. Kh6 Qe8 65. Kh7 Qe7+ 66.
g7 Kg2 67. Kh8 Qe8+ 68. g8=Q+ 1-0

[Event "10. Torneo IRT Mostoles 2019"]
[Site "Móstoles ESP"]
[Date "2019.07.21"]
[Round "4.15"]
[White "Candela Martin, Alvaro"]
[Black "Rapaport, Andres Natalio"]
[Result "1-0"]
[WhiteElo "1631"]
[BlackElo "1283"]
[PlyCount "45"]
[EventDate "2019.07.18"]
[EventType "swiss"]
[EventRounds "9"]
[EventCountry "ESP"]
[SourceTitle "Ajedrez en Madrid"]
[Source "lmi"]
[SourceDate "2019.07.18"]
[SourceVersion "1"]
[SourceVersionDate "2019.07.28"]
[SourceQuality "1"]

1. e4 e5 2. Nf3 Nf6 3. Nxe5 d6 4. Nf3 Nxe4 5. Qe2 Qe7 6. d3 Nf6 7. Bg5 Qxe2+ 8.
Bxe2 Be7 9. Nc3 Nc6 10. O-O-O Be6 11. Rhe1 O-O 12. d4 d5 13. Bb5 h6 14. Bf4 Bd6
15. Ne5 Bd7 16. Bg3 a6 17. Ba4 b5 18. Bb3 Be6 19. Nxc6 Bxg3 20. hxg3 Bg4 21. f3
Bh5 22. g4 Bg6 23. Ne7+ 1-0

[Event "10. Torneo IRT Mostoles 2019"]
[Site "Móstoles ESP"]
[Date "2019.07.21"]
[Round "4.16"]
[White "Rios Gil, Sergio"]
[Black "Olmedo Alvarez, Marcos"]
[Result "1-0"]
[WhiteElo "1575"]
[BlackElo "1357"]
[PlyCount "115"]
[EventDate "2019.07.18"]
[EventType "swiss"]
[EventRounds "9"]
[EventCountry "ESP"]
[SourceTitle "Ajedrez en Madrid"]
[Source "lmi"]
[SourceDate "2019.07.18"]
[SourceVersion "1"]
[SourceVersionDate "2019.07.28"]
[SourceQuality "1"]

1. e4 c5 2. Nc3 Nc6 3. f4 e6 4. Nf3 a6 5. a4 g6 6. Bc4 Bg7 7. d3 Nge7 8. O-O
O-O 9. Qe1 d5 10. Bb3 Na5 11. Ba2 c4 12. f5 exf5 13. Nxd5 Nxd5 14. exd5 Qxd5
15. dxc4 Qc5+ 16. Be3 Qc7 17. Qb4 Nc6 18. Qa3 Be6 19. Rad1 Ne5 20. Bf4 Nxf3+
21. Qxf3 Qb6+ 22. Kh1 Qxb2 23. Bb3 b5 24. Bc1 Qe5 25. Rfe1 Qc7 26. cxb5 axb5
27. axb5 Bxb3 28. Qxb3 Rfe8 29. Bb2 Rad8 30. Rxe8+ Rxe8 31. Bxg7 Kxg7 32. Qd3
Qe5 33. h3 Qb2 34. Qd4+ Qxd4 35. Rxd4 Re2 36. c4 Rb2 37. Rd6 Kf8 38. Kh2 f4 39.
Rf6 g5 40. h4 h6 41. hxg5 hxg5 42. Kh3 Kg7 43. Rd6 f6 44. b6 Kg6 45. c5 Kf5 46.
Rd3 g4+ 47. Kh2 f3 48. b7 Rxg2+ 49. Kh1 Rb2 50. c6 f2 51. Kg2 Ke4 52. Rg3 f5
53. c7 f4 54. Rxg4 Ke3 55. Rxf4 Kxf4 56. c8=Q f1=Q+ 57. Kxf1 Rb1+ 58. Ke2 1-0

[Event "10. Torneo IRT Mostoles 2019"]
[Site "Móstoles ESP"]
[Date "2019.07.21"]
[Round "4.20"]
[White "Fernandez Rodriguez, Diego"]
[Black "Tudoroiu, Adrian Eugen"]
[Result "1-0"]
[WhiteElo "1208"]
[BlackElo "1108"]
[PlyCount "94"]
[EventDate "2019.07.18"]
[EventType "swiss"]
[EventRounds "9"]
[EventCountry "ESP"]
[SourceTitle "Ajedrez en Madrid"]
[Source "lmi"]
[SourceDate "2019.07.18"]
[SourceVersion "1"]
[SourceVersionDate "2019.07.28"]
[SourceQuality "1"]

1. d4 Nf6 2. Bf4 d6 3. Nf3 g6 4. e3 Bg7 5. Be2 O-O 6. Nbd2 Nbd7 7. h3 b6 8. c3
Re8 9. Qc2 Bb7 10. e4 e5 11. Bg5 exd4 12. Nxd4 Nc5 13. Bb5 Re5 14. Nc6 Bxc6 15.
Bxc6 Rb8 16. f4 Re7 17. O-O-O Ncd7 18. g4 Qf8 19. f5 h6 20. Bxf6 Bxf6 21. fxg6
fxg6 22. Bxd7 Rxd7 23. Rdf1 Qg7 24. h4 Rf8 25. h5 g5 26. Nc4 Rdf7 27. e5 Be7
28. Rxf7 Qxf7 29. exd6 cxd6 30. Ne3 Bd8 31. Nf5 Qf6 32. Ne3 Qe6 33. Qg6+ Qxg6
34. hxg6 Kg7 35. Nf5+ Kxg6 36. Rxh6+ Kf7 37. Nxd6+ Ke7 38. Nc4 Bc7 39. Kc2 Rf4
40. Ne3 Kd7 41. Kb3 a5 42. Nd5 b5 43. Rh7+ Kc6 44. Nxc7 Rxg4 45. Ne6 a4+ 46.
Ka3 Rh4 47. Nxg5 Rxh7 1-0

[Event "10. Torneo IRT Mostoles 2019"]
[Site "Móstoles ESP"]
[Date "2019.07.21"]
[Round "4.21"]
[White "Olmedo Alvarez, Jesus"]
[Black "Aznar Gonzalez, Monica"]
[Result "0-1"]
[WhiteElo "1377"]
[BlackElo "1154"]
[PlyCount "119"]
[EventDate "2019.07.18"]
[EventType "swiss"]
[EventRounds "9"]
[EventCountry "ESP"]
[SourceTitle "Ajedrez en Madrid"]
[Source "lmi"]
[SourceDate "2019.07.18"]
[SourceVersion "1"]
[SourceVersionDate "2019.07.28"]
[SourceQuality "1"]

1. e4 e6 2. d3 d5 3. Nd2 c5 4. Ngf3 Nc6 5. g3 g6 6. Bg2 Bg7 7. O-O Nge7 8. Re1
O-O 9. Nf1 d4 10. e5 Qc7 11. Bf4 Nd5 12. Qd2 b5 13. Bh6 Nce7 14. Bxg7 Kxg7 15.
h4 h5 16. N1h2 f5 17. Ng5 Qb8 18. c3 dxc3 19. bxc3 Rd8 20. Rab1 c4 21. dxc4 Qc7
22. cxd5 Nxd5 23. Rbd1 Qc5 24. Nhf3 Rb8 25. Nd4 Rb6 26. Nb3 Qc7 27. Qd4 Rc6 28.
Rd3 Rc4 29. Nc5 Qxc5 30. Qxc5 Rxc5 31. Nf3 Rxc3 32. Rxc3 Nxc3 33. Re3 Nd5 34.
Rd3 Bd7 35. Nd4 Rc8 36. Bxd5 exd5 37. Rd2 Rc4 38. f4 Kf7 39. Kf2 a5 40. Nb3 a4
41. Nd4 b4 42. Ke2 Rc3 43. Kf2 a3 44. Nc2 Rc4 45. Ke2 Ke6 46. Kf2 Bb5 47. Nd4+
Kd7 48. Nxb5 Ke6 49. Nd4+ Kd7 50. Re2 Rxd4 51. Rc2 Rc4 52. Rd2 Ke6 53. Ke2 Rc3
54. Rd3 Rc2+ 55. Rd2 Rc3 56. Kf2 b3 57. axb3 Rxb3 58. Ke1 Rb2 59. Rd4 a2 60.
Ra4 0-1

[Event "10. Torneo IRT Mostoles 2019"]
[Site "Móstoles ESP"]
[Date "2019.07.22"]
[Round "5.1"]
[White "Candela Perez, Jose"]
[Black "Moreno Ruiz, Javier"]
[Result "0-1"]
[WhiteElo "2338"]
[BlackElo "2473"]
[PlyCount "76"]
[EventDate "2019.07.18"]
[EventType "swiss"]
[EventRounds "9"]
[EventCountry "ESP"]
[SourceTitle "Ajedrez en Madrid"]
[Source "lmi"]
[SourceDate "2019.07.18"]
[SourceVersion "1"]
[SourceVersionDate "2019.07.28"]
[SourceQuality "1"]

1. d4 d5 2. c4 dxc4 3. e3 e5 4. Bxc4 exd4 5. exd4 Bd6 6. Qb3 Qe7+ 7. Ne2 Nf6 8.
Bg5 Nc6 9. d5 Nd4 10. Qd1 Nxe2 11. Qxe2 Qxe2+ 12. Kxe2 Ne4 13. Bc1 O-O 14. f3
Nf6 15. Be3 Re8 16. Kf2 a6 17. Nc3 b5 18. Bb3 Bb7 19. a3 Be5 20. Rad1 Rad8 21.
Bg5 h6 22. Bxf6 Bxf6 23. Rhe1 Rxe1 24. Kxe1 Kf8 25. Rd2 Be5 26. g3 c5 27. dxc6
Rxd2 28. Kxd2 Bxc6 29. Bd1 Ke7 30. b4 f5 31. Kd3 g5 32. Be2 Kf6 33. Bd1 h5 34.
Be2 h4 35. gxh4 gxh4 36. h3 Kg5 37. Bd1 Bxc3 38. Kxc3 Kf4 0-1

[Event "10. Torneo IRT Mostoles 2019"]
[Site "Móstoles ESP"]
[Date "2019.07.22"]
[Round "5.2"]
[White "Gago Padreny, Ignacio"]
[Black "De La Fuente Gonzalez, Francisco"]
[Result "1/2-1/2"]
[WhiteElo "2258"]
[BlackElo "2196"]
[PlyCount "95"]
[EventDate "2019.07.18"]
[EventType "swiss"]
[EventRounds "9"]
[EventCountry "ESP"]
[SourceTitle "Ajedrez en Madrid"]
[Source "lmi"]
[SourceDate "2019.07.18"]
[SourceVersion "1"]
[SourceVersionDate "2019.07.28"]
[SourceQuality "1"]

1. Nf3 Nf6 2. b3 g6 3. Bb2 Bg7 4. e4 d6 5. g3 e5 6. Qe2 O-O 7. Bg2 c5 8. O-O
Nc6 9. Na3 Bg4 10. h3 Nd4 11. Bxd4 Bxf3 12. Bxf3 cxd4 13. c3 d5 14. exd5 e4 15.
Bg2 Qxd5 16. Qb5 Rfe8 17. Qxd5 Nxd5 18. Nb5 dxc3 19. dxc3 Nxc3 20. Nc7 Ne2+ 21.
Kh2 Bxa1 22. Rxa1 Rac8 23. Nxe8 Rxe8 24. Re1 Nc3 25. Rc1 e3 26. fxe3 Rxe3 27.
Bxb7 Nxa2 28. Rc8+ Kg7 29. Bd5 Re7 30. h4 h5 31. Rc4 Re5 32. Be4 a5 33. Bg2 Nb4
34. Rc7 Nd3 35. Bf1 Nf2 36. Bc4 Ng4+ 37. Kh3 Rf5 38. Be6 Rf3 39. Bxg4 hxg4+ 40.
Kxg4 Rxb3 41. Ra7 Ra3 42. Ra6 f5+ 43. Kf4 Kh6 44. Ra8 a4 45. Rh8+ Kg7 46. Ra8
Kh6 47. Rh8+ Kg7 48. Ra8 1/2-1/2

[Event "10. Torneo IRT Mostoles 2019"]
[Site "Móstoles ESP"]
[Date "2019.07.22"]
[Round "5.3"]
[White "Olmedo Aznar, Eduardo"]
[Black "Longa Yauca, Javier"]
[Result "0-1"]
[WhiteElo "1786"]
[BlackElo "2261"]
[PlyCount "118"]
[EventDate "2019.07.18"]
[EventType "swiss"]
[EventRounds "9"]
[EventCountry "ESP"]
[SourceTitle "Ajedrez en Madrid"]
[Source "lmi"]
[SourceDate "2019.07.18"]
[SourceVersion "1"]
[SourceVersionDate "2019.07.28"]
[SourceQuality "1"]

1. e4 Nf6 2. e5 Nd5 3. d4 d6 4. Bc4 Nb6 5. Bb3 d5 6. Nf3 Bg4 7. h3 Bxf3 8. Qxf3
e6 9. c3 c5 10. O-O Nc6 11. Be3 Rc8 12. Nd2 f6 13. exf6 Qxf6 14. dxc5 Nd7 15.
Rfe1 Be7 16. Qxf6 gxf6 17. Nf3 Nde5 18. Nd4 Kf7 19. Rad1 Rhd8 20. Nxc6 bxc6 21.
Bc2 Nc4 22. b4 a5 23. Bb3 Nxe3 24. Rxe3 Rb8 25. Rd4 f5 26. Ba4 Bf6 27. Rd1 axb4
28. cxb4 Rxb4 29. Bxc6 Rc4 30. Rb1 Bd4 31. Rb7+ Kf6 32. Re2 Rxc5 33. Bd7 e5 34.
a4 e4 35. Bb5 h5 36. Rb6+ Ke5 37. Rh6 Bc3 38. Rxh5 d4 39. g4 Kf4 40. Rxf5+ Rxf5
41. gxf5 d3 42. Ra2 Kf3 43. Kf1 Rh8 44. Bc6 Rxh3 45. Bxe4+ Kxe4 46. Kg2 Rh8 47.
f3+ Ke3 48. Ra3 Be5 49. a5 Rh2+ 50. Kf1 Bd4 51. a6 Ba7 52. f6 Rf2+ 53. Ke1 Rxf3
54. Ra2 Rg3 55. Kf1 Kf3 56. Ke1 Be3 57. Rf2+ Bxf2+ 58. Kd2 Ke4 59. f7 Rf3 0-1

[Event "10. Torneo IRT Mostoles 2019"]
[Site "Móstoles ESP"]
[Date "2019.07.22"]
[Round "5.4"]
[White "Gonzalez Pinar, Adrian"]
[Black "Centeno Mendoza, Julio Stefano"]
[Result "1-0"]
[WhiteElo "1866"]
[BlackElo "1725"]
[PlyCount "153"]
[EventDate "2019.07.18"]
[EventType "swiss"]
[EventRounds "9"]
[EventCountry "ESP"]
[SourceTitle "Ajedrez en Madrid"]
[Source "lmi"]
[SourceDate "2019.07.18"]
[SourceVersion "1"]
[SourceVersionDate "2019.07.28"]
[SourceQuality "1"]

1. d4 d5 2. c4 e5 3. dxe5 d4 4. Nf3 Nc6 5. a3 Nge7 6. b4 Ng6 7. Bb2 a5 8. b5
Ncxe5 9. Nxe5 Nxe5 10. Qxd4 Qxd4 11. Bxd4 Nxc4 12. e3 Be6 13. Be2 Bd6 14. Bf3
O-O-O 15. Bxg7 Rhg8 16. Bf6 Rd7 17. O-O Be5 18. Bxe5 Nxe5 19. Be4 f5 20. Bc2
Bd5 21. e4 fxe4 22. Nc3 Bc4 23. Rfd1 Bd3 24. Bb3 Rg6 25. Bd5 Rdg7 26. g3 Nf3+
27. Kg2 Re7 28. Rxd3 Nh4+ 29. Kh3 exd3 30. gxh4 c6 31. bxc6 bxc6 32. Be4 Rd6
33. Rd1 d2 34. f3 Kc7 35. Nb1 Red7 36. Kg3 Kb6 37. Kf2 Kb5 38. Ke3 Rh6 39. Bd3+
Kc5 40. Rxd2 Rxh4 41. Rc2+ Kb6 42. Nd2 a4 43. Be4 c5 44. Rb2+ Kc7 45. Nc4 Rh6
46. Ne5 Re7 47. Rb7+ Kd8 48. Nc6+ Rxc6 49. Rxe7 Rb6 50. Rb7 Rxb7 51. Bxb7 Kc7
52. Be4 h6 53. Kd3 Kd6 54. Kc4 h5 55. h4 Ke5 56. Kxc5 Kf4 57. Bg6 Kxf3 58.
Bxh5+ Kg3 59. Kb4 Kxh4 60. Kxa4 Kxh5 61. Kb5 Kg6 62. a4 Kf6 63. Kb6 Ke7 64. Kb7
Kd6 65. a5 Kc5 66. a6 Kb5 67. a7 Ka5 68. a8=Q+ Kb5 69. Qa6+ Kb4 70. Kc6 Kb3 71.
Kc5 Kb2 72. Qc4 Ka3 73. Qb5 Ka2 74. Qb4 Ka1 75. Kc4 Ka2 76. Kc3 Ka1 77. Qb2#
1-0

[Event "10. Torneo IRT Mostoles 2019"]
[Site "Móstoles ESP"]
[Date "2019.07.22"]
[Round "5.5"]
[White "Garcia Dorado, Alberto"]
[Black "Martin Lozano, Miguel Angel"]
[Result "1-0"]
[WhiteElo "2208"]
[BlackElo "1720"]
[PlyCount "37"]
[EventDate "2019.07.18"]
[EventType "swiss"]
[EventRounds "9"]
[EventCountry "ESP"]
[SourceTitle "Ajedrez en Madrid"]
[Source "lmi"]
[SourceDate "2019.07.18"]
[SourceVersion "1"]
[SourceVersionDate "2019.07.28"]
[SourceQuality "1"]

1. d4 e6 2. Nc3 d5 3. e4 dxe4 4. Nxe4 Bd7 5. Nf3 Bc6 6. Bd3 Nd7 7. Qe2 Ngf6 8.
Bg5 Be7 9. Ned2 Nd5 10. Be3 Nb4 11. Be4 Nd5 12. c4 Nxe3 13. fxe3 Bxe4 14. Nxe4
Bb4+ 15. Kf2 h6 16. c5 f5 17. Ng3 c6 18. Qc4 Nxc5 19. dxc5 1-0

[Event "10. Torneo IRT Mostoles 2019"]
[Site "Móstoles ESP"]
[Date "2019.07.22"]
[Round "5.7"]
[White "Fernandez Lopez, Jaime"]
[Black "Navarro Moreno, Juan Carlos"]
[Result "1-0"]
[WhiteElo "1676"]
[BlackElo "1864"]
[PlyCount "91"]
[EventDate "2019.07.18"]
[EventType "swiss"]
[EventRounds "9"]
[EventCountry "ESP"]
[SourceTitle "Ajedrez en Madrid"]
[Source "lmi"]
[SourceDate "2019.07.18"]
[SourceVersion "1"]
[SourceVersionDate "2019.07.28"]
[SourceQuality "1"]

1. d4 d5 2. c4 Nf6 3. cxd5 Nxd5 4. e4 Nb6 5. Nf3 Bg4 6. Be3 e6 7. Be2 N8d7 8.
O-O Be7 9. Nbd2 O-O 10. a4 a5 11. Rc1 h6 12. Ne1 Bxe2 13. Qxe2 c6 14. b3 f5 15.
f3 f4 16. Bf2 g5 17. Nd3 Qe8 18. d5 exd5 19. exd5 Ba3 20. Qxe8 Raxe8 21. dxc6
Bxc1 22. cxd7 Nxd7 23. Rxc1 Rc8 24. Nc4 b6 25. Rd1 Rf6 26. Kf1 Re6 27. Nxf4
gxf4 28. Rxd7 b5 29. axb5 a4 30. b6 axb3 31. b7 Rce8 32. Rd3 Rc6 33. Rxb3 Rxc4
34. Rb1 Rb8 35. Ba7 Rxb7 36. Rxb7 Rc1+ 37. Ke2 Rc2+ 38. Kd3 Rxg2 39. Ke4 Rxh2
40. Kxf4 Rh5 41. Be3 Ra5 42. Ke4 Ra4+ 43. Bd4 Rc4 44. f4 h5 45. Rg7+ Kf8 46.
Rh7 1-0

[Event "10. Torneo IRT Mostoles 2019"]
[Site "Móstoles ESP"]
[Date "2019.07.22"]
[Round "5.8"]
[White "Camarero Izquierdo, Juan Carlos"]
[Black "Huerto Moreno, Jorge"]
[Result "0-1"]
[WhiteElo "1801"]
[BlackElo "1704"]
[PlyCount "86"]
[EventDate "2019.07.18"]
[EventType "swiss"]
[EventRounds "9"]
[EventCountry "ESP"]
[SourceTitle "Ajedrez en Madrid"]
[Source "lmi"]
[SourceDate "2019.07.18"]
[SourceVersion "1"]
[SourceVersionDate "2019.07.28"]
[SourceQuality "1"]

1. e4 d5 2. e5 f6 3. d4 Bf5 4. g4 Be4 5. f3 Bg6 6. h4 Nc6 7. h5 Bf7 8. f4 Qd7
9. Bh3 O-O-O 10. Nf3 g6 11. Qd3 gxh5 12. g5 Be6 13. f5 Nb4 14. Qe2 Qc6 15. fxe6
Nxc2+ 16. Kd1 Nxa1 17. gxf6 Bh6 18. Nc3 Bxc1 19. Kxc1 Kb8 20. Ng5 Nh6 21. fxe7
Rde8 22. Qxh5 b5 23. Kb1 b4 24. Rc1 bxc3 25. Rxc3 Qa4 26. Kxa1 Qxd4 27. a3 Rhg8
28. Nf7 Ng4 29. Qxh7 Nxe5 30. Rb3+ Ka8 31. Rb4 Nc4 32. Ka2 a5 33. Qc2 axb4 34.
Qa4+ Qa7 35. Qc6+ Qb7 36. Qa4+ Qa7 37. Qc6+ Kb8 38. Qxd5 Nxa3 39. Ne5 Nb5+ 40.
Kb3 Rg3+ 41. Nd3 Nd6 42. Bg2 Qb7 43. Kc2 Rxg2+ 0-1

[Event "10. Torneo IRT Mostoles 2019"]
[Site "Móstoles ESP"]
[Date "2019.07.22"]
[Round "5.9"]
[White "Contreras Donoso, Juan Francisco"]
[Black "Martinez Pascual, Gonzalo"]
[Result "1-0"]
[WhiteElo "1766"]
[BlackElo "1557"]
[PlyCount "85"]
[EventDate "2019.07.18"]
[EventType "swiss"]
[EventRounds "9"]
[EventCountry "ESP"]
[SourceTitle "Ajedrez en Madrid"]
[Source "lmi"]
[SourceDate "2019.07.18"]
[SourceVersion "1"]
[SourceVersionDate "2019.07.28"]
[SourceQuality "1"]

1. e4 c6 2. d4 d5 3. Nc3 dxe4 4. Nxe4 Nd7 5. Nf3 Ngf6 6. Nc3 e6 7. Bd3 Bd6 8.
O-O O-O 9. Re1 c5 10. Nb5 Be7 11. Bf4 Nd5 12. Bg3 a6 13. c4 axb5 14. cxd5 exd5
15. dxc5 Nxc5 16. Bxb5 Ne4 17. Be5 Be6 18. Nd4 Bc5 19. Nxe6 Bxf2+ 20. Kh1 Bxe1
21. Nxd8 Nf2+ 22. Kg1 Nxd1 23. Rxd1 Rfxd8 24. Rxe1 Rxa2 25. Bc3 Rda8 26. Bd4 f6
27. Re7 Ra1+ 28. Kf2 Rd1 29. Bb6 Rc8 30. Ke2 Rg1 31. Bxg1 Rc2+ 32. Kf3 Rxb2 33.
Rxb7 g5 34. Bc6 Rd2 35. Rd7 Rd1 36. Bxd5+ Kf8 37. Bc5+ Ke8 38. Rd6 Ke7 39. Ra6+
Ke8 40. Bc6+ Kf7 41. Ra7+ Kg6 42. Be8+ Kh6 43. Bf8# 1-0